Contra la maldad : manual de oraciones de poder contra los principales males que aquejan al ser humano /
Gardado en:
| Autor Principal: | |
|---|---|
| Formato: | Electrónico eBook |
| Idioma: | Lingua castelá |
| Publicado: |
Bogotá, Colombia :
Intermedio Editores,
[2012]
|
| Edición: | Segunda edición. |
| Subjects: | |
| Acceso en liña: | Digitalia Hispánica |
| Tags: |
Engadir etiqueta
Sen Etiquetas, Sexa o primeiro en etiquetar este rexistro!
|
MARC
| LEADER | 00000nam a2200000Ii 4500 | ||
|---|---|---|---|
| 001 | DIGINTRMED0012 | ||
| 003 | NyNyDIG | ||
| 008 | 230721s2012 ck o 000 0 spa d | ||
| 006 | m o d | ||
| 007 | cr ||||||||||| | ||
| 035 | |a (OCoLC)1391273170 | ||
| 040 | |a DGITA |b eng |e rda |e pn |c DGITA | ||
| 020 | |a 9789587573268 |q eBook | ||
| 020 | |z 9789587571462 | ||
| 050 | 1 | 4 | |a BR115.O3 ebook |
| 100 | 1 | |a Callejas Ramírez, Juan Gonzalo, |e author. | |
| 245 | 1 | 0 | |a Contra la maldad : |b manual de oraciones de poder contra los principales males que aquejan al ser humano / |c Juan Gonzalo Callejas Ramírez. |
| 250 | |a Segunda edición. | ||
| 264 | 1 | |a Bogotá, Colombia : |b Intermedio Editores, |c [2012] | |
| 300 | |a 1 online resource. | ||
| 336 | |a text |b txt |2 rdacontent | ||
| 337 | |a computer |b c |2 rdamedia | ||
| 338 | |a online resource |b cr |2 rdacarrier | ||
| 347 | |a text file |2 rdaft | ||
| 347 | |b EPUB | ||
| 588 | 0 | |a Online resource; title from ePub title page (Digitalia, viewed July 21, 2023) | |
| 650 | 0 | |a Occultism |x Religious aspects |x Christianity. | |
| 776 | 0 | 8 | |i Print version: |a Callejas Ramírez, Juan Gonzalo. |t Contra la maldad. |b Segunda edición. |d Bogotá, Colombia : Intermedio Editores, [2012] |z 9789587571462 |
| 791 | 2 | |a Digitalia (Firm), |e distributor. | |
| 793 | 0 | |g Digitalia eBook Collection: |a Intermedio Editores | |
| 856 | 4 | 0 | |3 Digitalia Hispánica |u https://digitalia.unach.elogim.com/a/52339/ |
| 910 | |a Premium collection: 2023 | ||